മാനിക്കേയൻ കുരിശു വിവാദം / (Record no. 368403)

MARC details
000 -LEADER
fixed length control field 00481nam a22001457a 4500
020 ## - INTERNATIONAL STANDARD BOOK NUMBER
International Standard Book Number 8186868062
082 ## - DEWEY DECIMAL CLASSIFICATION NUMBER
Classification number 894.8126
Item number JOS.M
245 ## - TITLE STATEMENT
Title മാനിക്കേയൻ കുരിശു വിവാദം /
Statement of responsibility, etc. edited by Joseph Pulikunnel.
246 ## - VARYING FORM OF TITLE
Title proper/short title Manikeyan kurisu vivadam
260 ## - PUBLICATION, DISTRIBUTION, ETC.
Place of publication, distribution, etc. Kerala :
Name of publisher, distributor, etc. Indian institute of christian studies,
Date of publication, distribution, etc. 1999.
300 ## - PHYSICAL DESCRIPTION
Extent 152p.
650 ## - SUBJECT ADDED ENTRY--TOPICAL TERM
Topical term or geographic name entry element Malayalam
700 ## - ADDED ENTRY--PERSONAL NAME
Personal name ജോസഫ്, പുളികുന്നേൽ.
942 ## - ADDED ENTRY ELEMENTS (KOHA)
Koha item type Book
Holdings
Withdrawn status Lost status Damaged status Not for loan Collection code Home library Current library Shelving location Date acquired Total Checkouts Full call number Barcode Date last seen Price effective from Koha item type
        Non-fiction Dept. of Kerala Studies Dept. of Kerala Studies General Stacks 02/09/2021   894.8126 JOS.M DKS8175 02/09/2021 02/09/2021 Book